00410nam a22001457a 4500008004100000020001800041050002000059100002200079245005100101250001200152260003500164300003100199500002000230650001400250230809b |||||||| |||| 00| 0 eng d a9781670657893 aLB 875 .S3 1994 aScheffler, Israel aThe language of education :cIsrael, Scheffler a7th ed. aUSA:bCharles C Thomas,c1994. aix, 113p. ;bill. ;c19 cm aincludes index. 2Education